[Event "Asia-chT (Women) final 7th"]
[Site "Zaozhuang"]
[Date "2012.05.26"]
[Round "9.1"]
[White "Khegay, Anjela"]
[Black "Tan, Zhongyi"]
[Result "0-1"]
[WhiteElo "2184"]
[BlackElo "2430"]
[PlyCount "82"]
[EventDate "2012.05.17"]
[EventType "team-swiss"]
[EventRounds "9"]
[EventCountry "CHN"]
[SourceTitle "CBM 148 Extra"]
[Source "ChessBase"]
[SourceDate "2012.06.22"]
[SourceVersion "1"]
[SourceVersionDate "2012.06.22"]
[SourceQuality "1"]
[WhiteTeam "Singapore (W)"]
[BlackTeam "China (W) II"]
[WhiteTeamCountry "SIN"]
[BlackTeamCountry "CHN"]

1. d4 d5 2. Nf3 Nf6 3. c4 e6 4. Nc3 Bb4 5. g3 0-0 6. Bg2 c5 7. 0-0 cxd4 8. Nxd4 e5 9. Nc2 Bxc3 10. bxc3 dxc4 11. Ba3 Re8 12. Qxd8 Rxd8 13. Rfd1 Re8 14. Ne3 e4 15. Nxc4 Nc6 16. Rab1 b6 17. Nd6 Re5 18. f4 exf3 19. Bxf3 Bd7 20. Nc4 Re6 21. Rb2 Rc8 22. Nd6 Rb8 23. Rbd2 Ne5 24. Bg2 Ba4 25. Rf1 h5 26. Rf4 Bc6 27. Bh3 Nfg4 28. Nf5 Rbe8 29. Nd4 Nc4 30. Nxe6 Nxd2 31. Nd4 Bd7 32. Nf5 Bxf5 33. Rxf5 Rxe2 34. Bxg4 hxg4 35. Bd6 Nf3+ 36. Kf1 Rxa2 37. Bc7 Nxh2+ 38. Ke1 Nf3+ 39. Kd1 Ra4 40. Kc2 Rc4 41. Be5 Rc5 0-1

[Event "Asia-chT (Women) final 7th"]
[Site "Zaozhuang"]
[Date "2012.05.19"]
[Round "3.1"]
[White "Batchimeg, Tuvshintugs"]
[Black "Khegay, Anjela"]
[Result "0-1"]
[WhiteElo "2363"]
[BlackElo "2184"]
[PlyCount "78"]
[EventDate "2012.05.17"]
[EventType "team-swiss"]
[EventRounds "9"]
[EventCountry "CHN"]
[SourceTitle "CBM 148 Extra"]
[Source "ChessBase"]
[SourceDate "2012.06.22"]
[SourceVersion "1"]
[SourceVersionDate "2012.06.22"]
[SourceQuality "1"]
[WhiteTeam "Mongolia (W)"]
[BlackTeam "Singapore (W)"]
[WhiteTeamCountry "MGL"]
[BlackTeamCountry "SIN"]

1. d4 Nf6 2. c4 g6 3. Nc3 Bg7 4. e4 d6 5. Nf3 0-0 6. Be2 e5 7. d5 a5 8. h3 Nh5 9. Nh2 Nf4 10. Bf3 Na6 11. g3 Nxh3 12. Bg4 Nc5 13. Be3 Ng5 14. Bxc8 Rxc8 15. Qg4 Ngxe4 16. Nxe4 f5 17. Nxc5 fxg4 18. Ne6 Qf6 19. Nxg4 Qf3 20. Rh4 h5 21. Nh2 Qg2 22. Nf1 c6 23. dxc6 Rxc6 24. Nxf8 Bxf8 25. Rd1 Be7 26. Rh2 Qe4 27. b3 a4 28. Ke2 Qc2+ 29. Nd2 Qxa2 30. Rhh1 axb3 31. Ra1 Qc2 32. Rhc1 Qf5 33. Nxb3 Qg4+ 34. Kd3 Bg5 35. Ra8+ Kf7 36. Bxg5 Qxg5 37. Ra7 Rb6 38. Nd2 Qg4 39. Ra3 Rb2 0-1

[Event "SGP-ch 60th"]
[Site "Singapore"]
[Date "2008.01.02"]
[Round "6"]
[White "Wong, Meng Kong"]
[Black "Khegay, Anjela"]
[Result "1-0"]
[WhiteElo "2445"]
[BlackElo "2218"]
[PlyCount "75"]
[EventDate "2007.12.29"]
[EventType "swiss"]
[EventRounds "9"]
[EventCountry "SIN"]
[SourceTitle "EXT 2022"]
[Source "ChessBase"]
[SourceDate "2021.10.06"]
[SourceVersion "1"]
[SourceVersionDate "2021.10.06"]
[SourceQuality "1"]

1. e4 g6 2. d4 Bg7 3. Nc3 d6 4. Be3 c6 5. Qd2 Qa5 6. f4 b5 7. Bd3 a6 8. h3 Nf6 9. Nf3 0-0 10. 0-0 Nbd7 11. e5 Ne8 12. Qf2 e6 13. Qh4 d5 14. Ng5 h6 15. Nxe6 fxe6 16. Bxg6 Qc7 17. f5 Nxe5 18. dxe5 Qxe5 19. Bc5 exf5 20. Rae1 Qf6 21. Qxf6 Nxf6 22. Bxf8 Bxf8 23. Bxf5 Bc5+ 24. Kh2 Kg7 25. Bxc8 Rxc8 26. Re6 Bd4 27. Nd1 Ne4 28. c3 Bc5 29. g4 a5 30. Kg2 b4 31. Rf5 Bb6 32. Re7+ Kg6 33. h4 h5 34. Re6+ Kg7 35. gxh5 Nc5 36. Re7+ Kh6 37. Rf6+ Kxh5 38. Re5+ 1-0

[Event "SGP-ch 60th"]
[Site "Singapore"]
[Date "2007.12.30"]
[Round "4"]
[White "Khegay, Anjela"]
[Black "Goh, Wei Ming Kevin"]
[Result "0-1"]
[WhiteElo "2218"]
[BlackElo "2396"]
[PlyCount "130"]
[EventDate "2007.12.29"]
[EventType "swiss"]
[EventRounds "9"]
[EventCountry "SIN"]
[SourceTitle "EXT 2022"]
[Source "ChessBase"]
[SourceDate "2021.10.06"]
[SourceVersion "1"]
[SourceVersionDate "2021.10.06"]
[SourceQuality "1"]

1. d4 e6 2. c4 Nf6 3. g3 d5 4. Bg2 Nc6 5. Nf3 dxc4 6. 0-0 Rb8 7. a4 Na5 8. Nc3 Nb3 9. Rb1 Nxc1 10. Rxc1 c5 11. dxc5 Bxc5 12. Qxd8+ Kxd8 13. Ne5 Ke7 14. Nxc4 Rd8 15. Rfd1 Rxd1+ 16. Rxd1 Bd7 17. Ne5 Be8 18. e3 Bd6 19. Nd3 a6 20. e4 Nd7 21. f4 f6 22. f5 Nc5 23. fxe6 Nxd3 24. Rxd3 Kxe6 25. Bh3+ Ke7 26. Nd5+ Kf7 27. b3 Bc6 28. Kg2 Bf8 29. Bg4 Re8 30. Bf3 Re5 31. Rd1 Re8 32. Rf1 Rd8 33. g4 Bd6 34. h4 Be5 35. Be2 b5 36. axb5 axb5 37. Rd1 Ra8 38. Rd2 Ra3 39. Bd1 Ra1 40. Kf3 Rc1 41. Ke2 b4 42. Ra2 Bc3 43. Ra5 Bd7 44. Ne3 Be5 45. Kd2 Rc3 46. Ra7 Rc7 47. Rxc7 Bxc7 48. Nd5 Bd6 49. Kd3 Ke6 50. Kc4 Ke5 51. Nxb4 Kxe4 52. g5 Be6+ 53. Kb5 f5 54. Bc2+ Ke3 55. Nd3 Bd5 56. h5 f4 57. Nb2 Kd4 58. Bxh7 f3 59. Nd1 Bxb3 60. Nf2 Ke3 61. Nd3 Kd4 62. h6 gxh6 63. gxh6 Bf8 64. Bf5 Bc4+ 65. Kc6 Bxd3 0-1

[Event "Commonwealth-ch"]
[Site "New Delhi"]
[Date "2007.12.09"]
[Round "9"]
[White "Khegay, Anjela"]
[Black "Gagare, Shalmali"]
[Result "1-0"]
[WhiteElo "2218"]
[BlackElo "1988"]
[PlyCount "81"]
[EventDate "2007.12.03"]
[EventType "swiss"]
[EventRounds "10"]
[EventCountry "IND"]
[SourceTitle "CBM 121 Extra"]
[Source "ChessBase"]
[SourceDate "2008.01.10"]
[SourceVersion "1"]
[SourceVersionDate "2008.01.10"]
[SourceQuality "1"]

1. d4 Nf6 2. Nf3 g6 3. c4 Bg7 4. Nc3 0-0 5. e4 d6 6. Be2 Na6 7. 0-0 e5 8. Re1 Bg4 9. dxe5 Bxf3 10. Bxf3 dxe5 11. Be3 c6 12. a3 Qe7 13. b4 Rfd8 14. Qa4 Nd7 15. Bg4 Nb6 16. Qb3 h5 17. Bh3 Rd3 18. c5 Na4 19. Qxa4 Rxc3 20. Rad1 Rd8 21. g3 Nc7 22. Qxa7 Nb5 23. Rxd8+ Qxd8 24. Qxb7 Nd4 25. Bxd4 exd4 26. Rd1 Qf6 27. f4 h4 28. e5 Qd8 29. Qd7 Qxd7 30. Bxd7 Rxa3 31. Bxc6 Rb3 32. Rxd4 Bf8 33. Kg2 hxg3 34. hxg3 Rb2+ 35. Kh3 Bg7 36. Rc4 f6 37. e6 f5 38. Bd7 Bf6 39. b5 g5 40. fxg5 Bxg5 41. c6 1-0

[Event "Jababeka (Women)"]
[Site "Jakarta"]
[Date "2005.10.26"]
[Round "10"]
[White "Krivec, Jana"]
[Black "Khegay, Anjela"]
[Result "1/2-1/2"]
[WhiteElo "2279"]
[BlackElo "2243"]
[PlyCount "29"]
[EventDate "2005.10.21"]
[EventType "tourn"]
[EventRounds "11"]
[EventCountry "INA"]
[SourceTitle "EXT 2006"]
[Source "ChessBase"]
[SourceDate "2005.11.24"]
[SourceVersion "1"]
[SourceVersionDate "2005.11.24"]
[SourceQuality "1"]

1. e4 g6 2. d4 Bg7 3. Nc3 d6 4. Be3 c6 5. Qd2 Nd7 6. Nf3 Qa5 7. Bd3 e5 8. 0-0 Ngf6 9. h3 0-0 10. Bh6 Re8 11. dxe5 dxe5 12. a3 Nf8 13. Kh2 Ne6 14. b4 Qc7 15. Ne2 1/2-1/2

[Event "Jababeka (Women)"]
[Site "Jakarta"]
[Date "2005.10.23"]
[Round "4"]
[White "Hui, Sau Mun Dawn"]
[Black "Khegay, Anjela"]
[Result "0-1"]
[WhiteElo "2005"]
[BlackElo "2243"]
[PlyCount "50"]
[EventDate "2005.10.21"]
[EventType "tourn"]
[EventRounds "11"]
[EventCountry "INA"]
[SourceTitle "EXT 2006"]
[Source "ChessBase"]
[SourceDate "2005.11.24"]
[SourceVersion "1"]
[SourceVersionDate "2005.11.24"]
[SourceQuality "1"]

1. e4 g6 2. d4 Bg7 3. Nc3 d6 4. f4 Nf6 5. e5 Nfd7 6. Bc4 Nb6 7. Bb3 d5 8. Qf3 c6 9. Nge2 h5 10. h3 a5 11. a3 h4 12. Be3 Bf5 13. 0-0-0 e6 14. g4 hxg3 15. Qxg3 a4 16. Ba2 N6d7 17. h4 Bf8 18. Rh2 b5 19. Rdh1 Rh5 20. Qf3 b4 21. axb4 Bxb4 22. Ng3 a3 23. Bb3 axb2+ 24. Kxb2 Qa5 25. Na2 Qa3+ 0-1

[Event "Olympiad Women-36"]
[Site "Mallorca"]
[Date "2004.10.20"]
[Round "6.2"]
[White "Khegay, Anjela"]
[Black "Pourkashiyan, Atousa"]
[Result "0-1"]
[WhiteElo "2239"]
[BlackElo "2217"]
[PlyCount "118"]
[EventDate "2004.10.15"]
[EventType "team-swiss"]
[EventRounds "14"]
[EventCountry "ESP"]
[SourceTitle "CBM 102 Extra"]
[Source "ChessBase"]
[SourceDate "2004.11.03"]
[SourceVersion "1"]
[SourceVersionDate "2004.11.03"]
[SourceQuality "1"]
[WhiteTeam "Uzbekistan (W)"]
[BlackTeam "Iran (W)"]
[WhiteTeamCountry "UZB"]
[BlackTeamCountry "IRI"]

1. d4 d5 2. c4 e6 3. Nc3 Nf6 4. Nf3 Nbd7 5. g3 dxc4 6. Bg2 Be7 7. 0-0 0-0 8. e4 c5 9. d5 exd5 10. e5 Ne8 11. Qxd5 Nb6 12. Qe4 Qd3 13. Rd1 Qxe4 14. Nxe4 Bf5 15. Nd6 Nxd6 16. exd6 Bf6 17. a4 Nxa4 18. g4 Bc2 19. Rd2 Bb3 20. g5 Bd8 21. Re2 Ba5 22. Ne5 c3 23. Bxb7 Rad8 24. Nc6 Rxd6 25. Nxa5 Bd1 26. Nc4 Bxe2 27. Nxd6 cxb2 28. Bxb2 Nxb2 29. Bd5 Rd8 30. Rxa7 Bh5 31. Ba2 c4 32. Rb7 h6 33. gxh6 Rxd6 34. Rxb2 Rc6 35. Rb8+ Kh7 36. Bb1+ g6 37. Rb7 c3 38. Rxf7+ Kxh6 39. Bc2 Bg4 40. Ra7 Bf5 41. Ra2 Be6 42. Ra1 Bf5 43. Bxf5 gxf5 44. Kg2 c2 45. Rc1 Rc3 46. f3 Kg5 47. Kg3 Rc4 48. Kf2 Kf4 49. h4 Rc3 50. Kg2 Ke3 51. Kg3 Kd2 52. Rh1 c1Q 53. Rxc1 Rxc1 54. Kf4 Rh1 55. Kxf5 Rxh4 56. Kg5 Rh1 57. f4 Ke3 58. f5 Ke4 59. f6 Ke5 0-1

[Event "Olympiad Women-35"]
[Site "Bled"]
[Date "2002.11.10"]
[Round "14.2"]
[White "Kaps, Darja"]
[Black "Khegay, Anjela"]
[Result "1-0"]
[WhiteElo "2224"]
[BlackElo "2220"]
[PlyCount "113"]
[EventDate "2002.10.26"]
[EventType "team-swiss"]
[EventRounds "14"]
[EventCountry "SLO"]
[SourceTitle "EXT 2003"]
[Source "ChessBase"]
[SourceDate "2002.11.25"]
[SourceVersion "1"]
[SourceVersionDate "2002.11.25"]
[SourceQuality "1"]
[WhiteTeam "Slovenia (W)"]
[BlackTeam "Uzbekistan (W)"]
[WhiteTeamCountry "SLO"]
[BlackTeamCountry "UZB"]

1. e4 g6 2. d4 Bg7 3. Nc3 d6 4. Bg5 h6 5. Be3 c6 6. a4 Qa5 7. Bd3 Nf6 8. h3 0-0 9. Nge2 Nbd7 10. 0-0 e5 11. Qd2 Kh7 12. f4 exd4 13. Nxd4 Nc5 14. f5 g5 15. Nb3 Nxb3 16. cxb3 Kh8 17. h4 Ng4 18. hxg5 hxg5 19. Rf3 Nxe3 20. Qxe3 Bf6 21. Rh3+ Kg7 22. Kf2 Bd7 23. Rah1 Rh8 24. Bc4 Rh4 25. Rxh4 gxh4 26. g4 Qb6 27. Qxb6 axb6 28. Kf3 Rh8 29. Ne2 Bxb2 30. Nf4 Be5 31. Nh5+ Kf8 32. Rxh4 Be8 33. g5 Bd7 34. Kg4 Rg8 35. Rh1 d5 36. exd5 f6 37. Nxf6 Bxf6 38. Rh5 Be8 39. g6 cxd5 40. Bxd5 Rg7 41. Rh8+ Ke7 42. Rh7 Bc6 43. Bc4 Kd6 44. Rh2 Kc5 45. Bf7 Kd4 46. Re2 Be4 47. Kf4 Bd3 48. Re6 Bh4 49. Kg4 Bf2 50. Kg5 Be3+ 51. Rxe3 Kxe3 52. f6 Bxg6 53. Bxg6 Rg8 54. f7 Rb8 55. Bf5 Kd4 56. Kf6 Kc3 57. Be6 1-0

[Event "Asia-ch (Women) 09th"]
[Site "Chennai"]
[Date "2001.09.11"]
[Round "10"]
[White "Koepke, Elena"]
[Black "Khegay, Anjela"]
[Result "1-0"]
[WhiteElo "2208"]
[BlackElo "2235"]
[PlyCount "129"]
[EventDate "2001.09.03"]
[EventType "swiss"]
[EventRounds "11"]
[EventCountry "IND"]
[SourceTitle "CBM 084 Extra"]
[Source "ChessBase"]
[SourceDate "2001.10.26"]
[SourceVersion "1"]
[SourceVersionDate "2001.10.26"]
[SourceQuality "1"]

1. e4 g6 2. d4 Bg7 3. Nf3 d6 4. c3 Nf6 5. Bd3 0-0 6. 0-0 Nbd7 7. Nbd2 e5 8. dxe5 dxe5 9. Qc2 b6 10. b4 Nh5 11. Rd1 Bb7 12. Nc4 h6 13. Bf1 Qe7 14. Nfd2 f5 15. f3 f4 16. Nb3 Rfd8 17. a4 Bf8 18. Ncd2 g5 19. a5 Rac8 20. axb6 axb6 21. Ra7 Rb8 22. Ba6 Bxa6 23. Rxa6 Ndf6 24. Bb2 g4 25. Rda1 Qe6 26. Ra7 Rd7 27. Ra8 Rxa8 28. Rxa8 gxf3 29. Nxf3 Ng4 30. Bc1 Ne3 31. Bxe3 fxe3 32. Ra1 Nf4 33. Re1 Rg7 34. g3 h5 35. Rxe3 h4 36. Nxh4 Qh3 37. Nf5 Rg5 38. Qf2 Qh7 39. Qd2 Qf7 40. Nc1 Rg6 41. Qa2 c5 42. Qxf7+ Kxf7 43. Kf1 Nh5 44. Nd3 Ke6 45. bxc5 bxc5 46. c4 Nf6 47. Nf2 Rg8 48. Nh4 Rg7 49. Ra3 Rb7 50. g4 Rb4 51. Ra6+ Kf7 52. Nd3 Rb1+ 53. Ke2 Nxg4 54. h3 Rh1 55. hxg4 Rxh4 56. Nxe5+ Kg7 57. Kf3 Rh1 58. g5 Rf1+ 59. Kg4 Rg1+ 60. Kf5 Be7 61. Ra7 Rxg5+ 62. Kf4 Kf8 63. Rxe7 Rg1 64. Rc7 Rf1+ 65. Nf3 1-0

[Event "Asia-ch (Women) 09th"]
[Site "Chennai"]
[Date "2001.09.09"]
[Round "8"]
[White "Sergeyeva, Maria"]
[Black "Khegay, Anjela"]
[Result "1-0"]
[WhiteElo "2327"]
[BlackElo "2235"]
[PlyCount "81"]
[EventDate "2001.09.03"]
[EventType "swiss"]
[EventRounds "11"]
[EventCountry "IND"]
[SourceTitle "CBM 084 Extra"]
[Source "ChessBase"]
[SourceDate "2001.10.26"]
[SourceVersion "1"]
[SourceVersionDate "2001.10.26"]
[SourceQuality "1"]

1. e4 g6 2. d4 Bg7 3. Nc3 d6 4. f4 Nf6 5. Nf3 c5 6. dxc5 Qa5 7. Bd3 Qxc5 8. Qe2 0-0 9. Be3 Qa5 10. 0-0 Nc6 11. Kh1 Bg4 12. h3 Bd7 13. Rae1 Nh5 14. Qf2 e5 15. f5 Nf4 16. Qg3 Nxd3 17. cxd3 Qd8 18. Nd5 Kh8 19. Ng5 f6 20. Nxh7 gxf5 21. Nxf8 Qxf8 22. exf5 Qf7 23. Nc7 Rd8 24. Qh4+ Kg8 25. Bh6 Nd4 26. Bxg7 Kxg7 27. Ne6+ Bxe6 28. fxe6 Nxe6 29. Re3 f5 30. Rg3+ Kf8 31. Rxf5 Qxf5 32. Rf3 Qxf3 33. gxf3 Ke8 34. Qf6 Nf4 35. d4 Nd5 36. Qe6+ Ne7 37. dxe5 d5 38. f4 d4 39. f5 Kf8 40. Qf6+ Ke8 41. e6 1-0

[Event "Asia-ch (Women) 09th"]
[Site "Chennai"]
[Date "2001.09.04"]
[Round "3"]
[White "Vijayalakshmi, Subbaraman"]
[Black "Khegay, Anjela"]
[Result "1-0"]
[WhiteElo "2397"]
[BlackElo "2235"]
[PlyCount "133"]
[EventDate "2001.09.03"]
[EventType "swiss"]
[EventRounds "11"]
[EventCountry "IND"]
[SourceTitle "CBM 084 Extra"]
[Source "ChessBase"]
[SourceDate "2001.10.26"]
[SourceVersion "1"]
[SourceVersionDate "2001.10.26"]
[SourceQuality "1"]

1. c4 Nf6 2. g3 g6 3. Bg2 Bg7 4. Nc3 0-0 5. Nf3 d6 6. 0-0 e5 7. d4 Nbd7 8. e4 c6 9. h3 Re8 10. Re1 exd4 11. Nxd4 Nc5 12. b3 a5 13. Bf4 h6 14. Qc2 a4 15. Rad1 Nh5 16. Be3 Qa5 17. Rb1 axb3 18. axb3 Qc7 19. b4 Ne6 20. Nde2 Ng5 21. g4 Nf6 22. Red1 Nd7 23. f4 Nh7 24. Kh1 f5 25. gxf5 gxf5 26. Bd4 Ndf6 27. exf5 Qf7 28. c5 d5 29. Ng3 h5 30. Rg1 h4 31. Nf1 Qh5 32. Ne3 Rxe3 33. Bxe3 Bxf5 34. Qf2 Bxb1 35. Nxb1 Re8 36. Nc3 Nf8 37. Bd4 Kh8 38. Bf3 Qh6 39. f5 N8d7 40. Rg6 Qf4 41. Ne2 Qxf5 42. Qxh4+ Kg8 43. Qg3 Re7 44. Ng1 Rf7 45. Rg5 Qh7 46. Qg2 Qh4 47. Ne2 Kf8 48. Bc3 Bh6 49. Rg6 Rg7 50. Rxg7 Bxg7 51. Nd4 Bh6 52. Nf5 Qf4 53. Nxh6 Qxh6 54. Bd2 Qh4 55. Bg5 Qe1+ 56. Kh2 Qxb4 57. Bh6+ Ke7 58. Qe2+ Kd8 59. Bg5 Qxc5 60. h4 Qd6+ 61. Kg2 Kc8 62. h5 Ne5 63. Bf4 Ne4 64. Bxe4 Qf6 65. Bf5+ Qxf5 66. Qxe5 Qf7 67. h6 1-0

[Event "Asia-ch (Women) 09th"]
[Site "Chennai"]
[Date "2001.09.03"]
[Round "1"]
[White "Zhao, Xue"]
[Black "Khegay, Anjela"]
[Result "0-1"]
[WhiteElo "2372"]
[BlackElo "2235"]
[PlyCount "78"]
[EventDate "2001.09.03"]
[EventType "swiss"]
[EventRounds "11"]
[EventCountry "IND"]
[SourceTitle "CBM 084 Extra"]
[Source "ChessBase"]
[SourceDate "2001.10.26"]
[SourceVersion "1"]
[SourceVersionDate "2001.10.26"]
[SourceQuality "1"]

1. e4 c5 2. Nf3 d6 3. Bb5+ Bd7 4. Bxd7+ Qxd7 5. 0-0 Nc6 6. c4 g6 7. d4 cxd4 8. Nxd4 Bg7 9. Nc2 Nf6 10. Nc3 0-0 11. h3 a6 12. Qe2 Qc7 13. Bg5 Ne5 14. b3 e6 15. Qd2 Rfc8 16. f4 Nxc4 17. bxc4 Qxc4 18. e5 Nh5 19. Rac1 Qxc3 20. Qxc3 Rxc3 21. exd6 f6 22. Bh4 Rd8 23. g4 Nxf4 24. Rxf4 g5 25. Re4 gxh4 26. Rxe6 Rd7 27. Re3 Rc4 28. Re2 Rxd6 29. Rce1 Rc3 30. Re8+ Bf8 31. Ne3 Kf7 32. Re4 Rdd3 33. Kg2 Bc5 34. Nf5 Rxh3 35. Re8 Rhf3 36. R1e2 h3+ 37. Kh2 Rf1 38. Rh8 Bg1+ 39. Kh1 Be3+ 0-1

[Event "Olympiad Women-34"]
[Site "Istanbul"]
[Date "2000.11.08"]
[Round "11.1"]
[White "Khegay, Anjela"]
[Black "Caoili, Arianne"]
[Result "1-0"]
[WhiteElo "2234"]
[BlackElo "2113"]
[PlyCount "85"]
[EventDate "2000.10.28"]
[EventType "team-swiss"]
[EventRounds "14"]
[EventCountry "TUR"]
[SourceTitle "EXT 2001"]
[Source "ChessBase"]
[SourceDate "2000.11.22"]
[SourceVersion "1"]
[SourceVersionDate "2000.11.22"]
[SourceQuality "1"]
[WhiteTeam "Uzbekistan (W)"]
[BlackTeam "Philippines (W)"]
[WhiteTeamCountry "UZB"]
[BlackTeamCountry "PHI"]

1. d4 d5 2. Nf3 Nf6 3. c4 c6 4. g3 e6 5. Bg2 Bd6 6. 0-0 Nbd7 7. Qc2 0-0 8. Rd1 Ne4 9. Nc3 f5 10. Bf4 Bxf4 11. gxf4 Rf6 12. e3 Rh6 13. c5 Nf8 14. Qe2 Bd7 15. Qf1 Be8 16. Nxe4 fxe4 17. Ng5 Bh5 18. f3 Rg6 19. fxe4 Bxd1 20. Rxd1 h6 21. Nf3 Rf6 22. e5 Rf7 23. b4 b6 24. Qd3 a5 25. b5 cxb5 26. Bh3 b4 27. Rc1 Rc8 28. Rc2 Kh8 29. f5 Qe7 30. e4 dxe4 31. Qxe4 bxc5 32. Kh1 c4 33. Nh4 c3 34. fxe6 Rf2 35. Rxf2 c2 36. Rxc2 Rxc2 37. Ng6+ Nxg6 38. Qxc2 Nf4 39. Qc8+ Kh7 40. Bf5+ Ng6 41. Qc2 Kh8 42. Bxg6 Qxe6 43. Bf5 1-0

[Event "Olympiad Women-34"]
[Site "Istanbul"]
[Date "2000.11.06"]
[Round "9.1"]
[White "Khegay, Anjela"]
[Black "Medic, Mirjana"]
[Result "1-0"]
[WhiteElo "2234"]
[BlackElo "2294"]
[PlyCount "129"]
[EventDate "2000.10.28"]
[EventType "team-swiss"]
[EventRounds "14"]
[EventCountry "TUR"]
[SourceTitle "EXT 2001"]
[Source "ChessBase"]
[SourceDate "2000.11.22"]
[SourceVersion "1"]
[SourceVersionDate "2000.11.22"]
[SourceQuality "1"]
[WhiteTeam "Uzbekistan (W)"]
[BlackTeam "Croatia (W)"]
[WhiteTeamCountry "UZB"]
[BlackTeamCountry "CRO"]

1. d4 e6 2. c4 Nf6 3. g3 d5 4. Nf3 dxc4 5. Bg2 a6 6. 0-0 b5 7. Ne5 Nd5 8. a4 Bb7 9. axb5 axb5 10. Rxa8 Bxa8 11. e4 Nf6 12. Nc3 c6 13. Bg5 Be7 14. Qa1 Bb7 15. Rd1 0-0 16. d5 exd5 17. exd5 Nxd5 18. Bf4 Bc5 19. Nxc6 Bxc6 20. Nxd5 Bxd5 21. Rxd5 Qb6 22. Qe1 Nc6 23. Bd6 Bxd6 24. Rxd6 Qa5 25. Qxa5 Nxa5 26. Rb6 h6 27. Rxb5 Nb3 28. Bd5 Nd2 29. Rb7 Rc8 30. Bxf7+ Kh7 31. Be6 Rc6 32. Bf5+ Kg8 33. Kg2 Rf6 34. Bc2 Kf8 35. h4 Nf3 36. Be4 Nd2 37. Bd5 Rd6 38. Rb5 Rd7 39. f3 Rc7 40. Kf2 Nb1 41. Rb8+ Ke7 42. Rb7 Rxb7 43. Bxb7 Nd2 44. Ke3 Nf1+ 45. Kf2 Nd2 46. Bd5 Kd6 47. Ke2 c3 48. bxc3 Nb1 49. c4 Nc3+ 50. Kd3 Nxd5 51. cxd5 Kxd5 52. h5 Ke5 53. Ke3 Kf5 54. g4+ Ke5 55. f4+ Kf6 56. Kd4 Ke6 57. Ke4 Kf6 58. Kd5 Kf7 59. Ke5 Ke7 60. f5 Kf7 61. f6 Kf8 62. Ke6 Kg8 63. fxg7 Kh7 64. Kf6 Kg8 65. g5 1-0

[Event "Olympiad Women-34"]
[Site "Istanbul"]
[Date "2000.11.04"]
[Round "7.1"]
[White "Khegay, Anjela"]
[Black "Cmilyte, Viktorija"]
[Result "0-1"]
[WhiteElo "2234"]
[BlackElo "2335"]
[PlyCount "78"]
[EventDate "2000.10.28"]
[EventType "team-swiss"]
[EventRounds "14"]
[EventCountry "TUR"]
[SourceTitle "EXT 2001"]
[Source "ChessBase"]
[SourceDate "2000.11.22"]
[SourceVersion "1"]
[SourceVersionDate "2000.11.22"]
[SourceQuality "1"]
[WhiteTeam "Uzbekistan (W)"]
[BlackTeam "Lithuania (W)"]
[WhiteTeamCountry "UZB"]
[BlackTeamCountry "LTU"]

1. d4 f5 2. g3 g6 3. Bg2 Bg7 4. Nf3 Nf6 5. 0-0 0-0 6. b3 d6 7. Bb2 Qe8 8. Nbd2 Nc6 9. c4 e5 10. d5 Nd8 11. e4 f4 12. h3 Nf7 13. g4 Qe7 14. Ne1 h5 15. f3 Nh7 16. Nd3 Bf6 17. Kf2 c6 18. Ke2 cxd5 19. cxd5 b5 20. a4 bxa4 21. Rxa4 Bd7 22. Ra5 Rfb8 23. Qc2 Bb5 24. Nc4 Qc7 25. Rfa1 a6 26. Bc1 Rc8 27. Bd2 Nf8 28. Nb4 Qb7 29. Nd3 Nd7 30. Kf1 Nc5 31. Nxc5 Rxc5 32. Kg1 hxg4 33. hxg4 Bd8 34. R5a2 Bb6 35. Kf1 Rac8 36. Qb1 Rxc4 37. bxc4 Bxc4+ 38. Ke1 Bf2+ 39. Kxf2 Qa7+ 0-1

[Event "Olympiad Women-34"]
[Site "Istanbul"]
[Date "2000.11.01"]
[Round "5.1"]
[White "Hunt, Harriet"]
[Black "Khegay, Anjela"]
[Result "1-0"]
[WhiteElo "2454"]
[BlackElo "2234"]
[PlyCount "109"]
[EventDate "2000.10.28"]
[EventType "team-swiss"]
[EventRounds "14"]
[EventCountry "TUR"]
[SourceTitle "EXT 2001"]
[Source "ChessBase"]
[SourceDate "2000.11.22"]
[SourceVersion "1"]
[SourceVersionDate "2000.11.22"]
[SourceQuality "1"]
[WhiteTeam "England (W)"]
[BlackTeam "Uzbekistan (W)"]
[WhiteTeamCountry "ENG"]
[BlackTeamCountry "UZB"]

1. e4 c5 2. Nf3 d6 3. d4 cxd4 4. Nxd4 Nf6 5. Nc3 a6 6. f4 e5 7. Nf3 Nbd7 8. a4 Be7 9. Bc4 0-0 10. 0-0 exf4 11. Bxf4 Nc5 12. Qe2 Bg4 13. Kh1 Rc8 14. a5 Bh5 15. Rfd1 Qe8 16. Rd4 Qc6 17. Nd5 Nxd5 18. Bxd5 Qb5 19. Qxb5 axb5 20. Rd2 Rfd8 21. c3 Bg6 22. Re1 Ra8 23. Nd4 Ne6 24. Nxe6 fxe6 25. Bxe6+ Bf7 26. Bxf7+ Kxf7 27. Be3 Re8 28. Bb6 Rac8 29. Rd5 b4 30. cxb4 Bf8 31. Bd4 Rc4 32. b5 Rec8 33. a6 bxa6 34. bxa6 Ra4 35. a7 Ra8 36. g3 Ke6 37. Rd1 g6 38. Rb5 Be7 39. Rb8 R8xa7 40. Bxa7 Rxa7 41. Kg2 Ra2 42. Kf3 Bf6 43. Rd2 Be5 44. Ke3 h5 45. b4 Ra3+ 46. Kf2 Rb3 47. b5 g5 48. b6 h4 49. gxh4 gxh4 50. b7 Ke7 51. Rd5 Kd7 52. Rf8 Rxb7 53. Rf7+ Kc6 54. Rxb7 Kxb7 55. Kg2 1-0

[Event "Olympiad Women-34"]
[Site "Istanbul"]
[Date "2000.10.30"]
[Round "3.1"]
[White "Khegay, Anjela"]
[Black "Mkrtchian, Lilit"]
[Result "1/2-1/2"]
[WhiteElo "2234"]
[BlackElo "2312"]
[PlyCount "82"]
[EventDate "2000.10.28"]
[EventType "team-swiss"]
[EventRounds "14"]
[EventCountry "TUR"]
[SourceTitle "EXT 2001"]
[Source "ChessBase"]
[SourceDate "2000.11.22"]
[SourceVersion "1"]
[SourceVersionDate "2000.11.22"]
[SourceQuality "1"]
[WhiteTeam "Uzbekistan (W)"]
[BlackTeam "Armenia (W)"]
[WhiteTeamCountry "UZB"]
[BlackTeamCountry "ARM"]

1. d4 d5 2. c4 e6 3. Nf3 Nf6 4. g3 Bb4+ 5. Bd2 Be7 6. Bg2 0-0 7. 0-0 c6 8. b3 b6 9. Nc3 Ba6 10. Bf4 Nbd7 11. Qd3 Rc8 12. e4 c5 13. exd5 exd5 14. Nb5 dxc4 15. bxc4 cxd4 16. Nfxd4 Nc5 17. Qe2 Bxb5 18. Nxb5 Qd7 19. Rfd1 Qe6 20. Qf1 Nce4 21. Bh3 Qxc4 22. Bxc8 Qxc8 23. Nd6 Bxd6 24. Bxd6 Nxd6 25. Rxd6 Ne4 26. Rd4 Ng5 27. Qd3 Qc6 28. Rd5 Qf6 29. Rf1 h6 30. h4 Ne6 31. Qf5 Qb2 32. a4 Qb3 33. a5 bxa5 34. Rxa5 Nd4 35. Qd5 Qb6 36. Ra4 Rd8 37. Qe4 Qf6 38. Rxa7 Nf3+ 39. Kg2 Nd2 40. Qe7 Qxe7 41. Rxe7 Nxf1 1/2-1/2